Enfrentando la globalización: respuestas sociales a la integración económica de México /

সংরক্ষণ করুন:
গ্রন্থ-পঞ্জীর বিবরন
প্রধান লেখক: Carlsen, Laura
অন্যান্য লেখক: Wise, Tim, Salazar, Hilda
বিন্যাস: অজ্ঞাত
প্রকাশিত: México, D.F.: Red Mexicana de Acción Frente al Libre Comercio
বিষয়গুলি:
ট্যাগগুলো: ট্যাগ যুক্ত করুন
কোনো ট্যাগ নেই, প্রথমজন হিসাবে ট্যাগ করুন!

MARC

LEADER 00000 a2200000 04500
001 35121
003
008 991231s d
040
090 |a 0001 C284e  
100 |a Carlsen, Laura  
245 |a Enfrentando la globalización: respuestas sociales a la integración económica de México /  |c Laura Carlsen 
260 |a México, D.F.:   |b Red Mexicana de Acción Frente al Libre Comercio  
300 |a 273 p.  
650 |a MIGRANTES  
650 |a IDENTIDAD NACIONAL  
650 |a COMUNIDADES  
650 |a REMESAS  
650 |a MEXICO  
650 |a ESTADOS UNIDOS  
700 |a   
700 |a Wise, Tim  
700 |a   
700 |a Salazar, Hilda  
700 |a   
999 |c 11947  |d 11947